UBT Library

Manual of pulmonary function testing / (Record no. 43774)

000 -LEADER
fixed length control field 00763pam a22002534a 4500
001 - CONTROL NUMBER
control field 13899821
005 - DATE AND TIME OF LATEST TRANSACTION
control field 20180301040404.0
008 - FIXED-LENGTH DATA ELEMENTS--GENERAL INFORMATION
fixed length control field 050315s2003 moua bf 001 0 eng
010 ## - LIBRARY OF CONGRESS CONTROL NUMBER
LC control number 2005273104
020 ## - INTERNATIONAL STANDARD BOOK NUMBER
International Standard Book Number 9780323052122
040 ## - CATALOGING SOURCE
Original cataloging agency DLC
Transcribing agency DLC
Modifying agency DLC
041 ## - LANGUAGE CODE
Language code of text/sound track or separate title eng
042 ## - AUTHENTICATION CODE
Authentication code pcc
080 ## - UNIVERSAL DECIMAL CLASSIFICATION NUMBER
Universal Decimal Classification number 616.2407
082 00 - DEWEY DECIMAL CLASSIFICATION NUMBER
Classification number 616.2407 RUP
Edition number 22
100 1# - Rafti
Rafti 4
101 ## - Shkurtesa
Shkurtesa SHM
245 10 - TITLE STATEMENT
Title Manual of pulmonary function testing /
Statement of responsibility, etc Gregg L. Ruppel.
246 3# - VARYING FORM OF TITLE
Title proper/short title Pulmonary function testing
504 ## - BIBLIOGRAPHY, ETC. NOTE
Bibliography, etc Includes bibliographical references and index.
906 ## - LOCAL DATA ELEMENT F, LDF (RLIN)
a 7
b cbc
c origcop
d 2
e ncip
f 20
g y-gencatlg
942 ## - ADDED ENTRY ELEMENTS (KOHA)
Source of classification or shelving scheme
Item type Books
Holdings
Withdrawn status Lost status Source of classification or shelving scheme Damaged status Not for loan Collection code Permanent location Current location Shelving location Date acquired Total Checkouts Full call number Barcode Date last seen Price effective from Koha item type
          Koleksioni i përgjithshem UBT - Lipjan UBT - Lipjan Koleksioni i përgjithshem 03/01/2018   616.2407 RUP 002-3000149 03/01/2018 03/01/2018 Books
UBT Library © 2015-2024. All rights reserved University Education for Business and Technology